[Event "3rd 3-0 Thu 5th Mar 2026"]
[Site "chess.com INT"]
[Date "2026.03.05"]
[Round "9"]
[White "Bluebaum, M."]
[Black "Fedoseev, Vl3"]
[Result "1-0"]
[WhiteElo "2684"]
[BlackElo "2704"]
[PlyCount "57"]
[EventDate "2026.03.05"]

1. d4 d5 2. c4 e6 3. Nc3 dxc4 4. e4 c5 5. d5 exd5 6. exd5 Bd6 7. Bxc4 Ne7 8. Nf3 O-O 9. O-O ({RR} 9. h3 Nd7 10. O-O Nb6 11. b3 Bf5 12. Re1 Nxc4 13. bxc4 Ng6 14. Qb3 Qd7 15. Ne4 b6 16. Nxd6 Qxd6 17. a4 Rae8 18. Be3 Qd7 19. Nh2 h5 20. a5 Rb8 21. Qd1 h4 22. axb6 axb6 23. Qh5 Rfe8 {Carow,J (2468)-Trost,E (2456) Germany GER 2026 1-0 (38)}) 9... Ng6 $146 ({RR} 9... Bf5 10. Re1 Nd7 11. Bg5 Nb6 12. b3 h6 13. Bh4 a6 14. Ne4 Bxe4 15. Rxe4 Qd7 16. Qd2 Nf5 17. Rae1 Rfe8 18. g4 Nxh4 19. Nxh4 Rxe4 20. Rxe4 Re8 21. Qe3 Rxe4 22. Qxe4 Qe7 23. Qxe7 Bxe7 24. Nf5 {Toulzac,P (2284)-Lupu,M (2456) France 2005 ½-½ (53)}) ({RR} 9... Nd7 10. Re1 Nb6 11. b3 Nxc4 12. bxc4 Ng6 13. Qd3 Bd7 14. Bb2 Re8 15. Rxe8+ Qxe8 16. Ne4 Qf8 17. Nxd6 Qxd6 18. Re1 Re8 19. Rxe8+ Bxe8 20. Nd2 b6 21. g3 Bd7 22. h4 h6 23. Ne4 Qe7 24. Qe3 {Chasin,N (2474)-Gokerkan,C (2479) Bajina Basta 2025 ½-½}) 10. Bg5 f6 11. Be3 a6 12. Ne4 Re8 13. Nxd6 Qxd6 14. Rc1 Bf5 15. b4 cxb4 16. Bb3 Nd7 17. Rc6 Qf8 18. Rc7 Nge5 19. Nxe5 fxe5 20. d6+ Kh8 21. Rxb7 Rab8 22. Ra7 Red8 23. Rxa6 Nf6 24. h3 Ne4 25. Qf3 Nc3 26. Bg5 e4 27. Qe3 Rxd6 28. Ra7 Rc8 29. Be7 1-0